| 000 -LEADER | |
|---|---|
| fixed length control field | 00380nam a22001577a 4500 |
| 005 - DATE AND TIME OF LATEST TRANSACTION | |
| control field | 20170330115223.0 |
| 008 - FIXED-LENGTH DATA ELEMENTS--GENERAL INFORMATION | |
| fixed length control field | 170330b xxu||||| |||| 00| 0 eng d |
| 020 ## - INTERNATIONAL STANDARD BOOK NUMBER | |
| ISBN | 81-88267-64-3 |
| 041 ## - LANGUAGE CODE | |
| Language code of text/sound track or separate title | eng |
| 100 ## - MAIN ENTRY--AUTHOR NAME | |
| Personal name | JELKHANI,ASHOK.E |
| 245 ## - TITLE STATEMENT | |
| Title | TELEVIJAN KARYAKRAM NIRMAN PRAKRIYA |
| 260 ## - PUBLICATION, DISTRIBUTION, ETC. (IMPRINT) | |
| Name of publisher | GRANTHA ACADEMY |
| 300 ## - PHYSICAL DESCRIPTION | |
| Number of Pages | 114 |
| 650 ## - SUBJECT ADDED ENTRY--TOPICAL TERM | |
| Topical Term | MASS COMM |
| 942 ## - ADDED ENTRY ELEMENTS (KOHA) | |
| Koha item type | Books |
| Lost status | Damaged status | Home library | Current library | Shelving location | Date acquired | Source of acquisition | Cost, normal purchase price | Full call number | Accession Number | Koha item type |
|---|---|---|---|---|---|---|---|---|---|---|
| JRU Library | SHELF-6-D | 29/03/2017 | PURCHASE | 175.00 | 316.6 | 21534 | Books | |||
| JRU Library | SHELF-31-I | 29/03/2017 | PURCHASE | 175.00 | 21535 | Books | ||||
| JRU Library | SHELF-32-H | 29/03/2017 | PURCHASE | 175.00 | 21536 | Books |